Animal Crossing - Trouvez ces Villageois aléatoires - Statistiques

Statistiques générales
  • Ce quiz a été pris 628 fois
  • Le résultat moyen est 11 sur 50
Statistiques - réponses
Par images Réponse % Correct
Neferti
84%
Lico
81%
Ketchup
76%
Laura
76%
Blanche
75%
Camille
75%
Coco
75%
Cookie
73%
Raymond
73%
Kat
69%
Molly
69%
Ramsès
69%
Clara
67%
Monica
67%
Bibi
65%
Capri
63%
Justine
63%
Léo
63%
Mozzar
63%
Gertrude
62%
Apollon
61%
Linette
59%
Dorothée
58%
Titi
58%
Miro
57%
Violette
57%
Nadine
56%
Nana
54%
Marina
53%
Rosie
53%
Salami
53%
Anna
50%
Choco
50%
Irène
50%
Kiki
50%
Kristine
50%
Mathéo
50%
Octave
50%
Rougepif
50%
Savana
50%
Seguin
50%
Stefaon
50%
Valé
50%
Mistigri
48%
Brutus
47%
Éloïse
47%
Jennifer
47%
Kabuki
47%
Luppa
47%
Patty
47%
Pietro
47%
Shino
47%
Anabelle
46%
Marine
46%
Alix
44%
Avril
44%
Étoile
44%
Olivia
44%
Pierrot
44%
Rachida
44%
Manu
43%
Pauline
43%
Prof
43%
Chef
42%
Jojo
42%
Mehdi
42%
Mireille
42%
Nonos
42%
Agnès
41%
Bouloche
41%
Câlin
41%
Électro
41%
Odile
41%
Abraham
40%
Gabin
40%
Wolfgang
40%
Béa
39%
Mirza
39%
Tom
39%
Alphonse
38%
Biquette
38%
Filibert
38%
Momo
38%
Octoborg
38%
Didi
37%
Fanny
37%
Teddy
37%
Chelsea
36%
Dalma
36%
Drago
36%
Esther
36%
Faustine
36%
Margaux
36%
Myrtille
36%
Naomie
36%
Eva
35%
Marvin
35%
Nacer
35%
Pamela
35%
Rubis
35%
Sophie
35%
Tonton
35%
Antonio
33%
Aurélie
33%
Ben
33%
Cédric
33%
Doc
33%
Henri
33%
Maëlle
33%
Martin
33%
Nora
33%
Rosco
33%
Suzy
33%
Tupux
33%
Wendy
33%
Allie
32%
Terra
32%
Tony
32%
Cube
31%
Édouard
31%
Eustache
31%
Gaby
31%
Gary
31%
Lola
31%
Luna
31%
Norma
31%
Pouli
31%
Bichoune
30%
Kanga
30%
Ken
30%
Lourant
30%
Melba
30%
Narcisse
30%
Nathan
30%
Rudy
30%
Zoé
30%
Cachou
29%
Chaï
29%
Charlène
29%
Charles
29%
Chavrina
29%
Colvert
29%
Émilien
29%
Emma
29%
Jean-Bon
29%
Laurie
29%
Marjorie
29%
Pansy
29%
Rosanne
29%
Calypso
28%
Crocket
28%
Gérard
28%
Hervé
28%
Jo
28%
Klaus
28%
Lobo
28%
Maiko
28%
Olympe
28%
Blair
27%
Condor
27%
Épicure
27%
Gladys
27%
Guido
27%
Léa
27%
Maëllis
27%
Maguy
27%
Napoléon
27%
Ninjette
27%
Reynald
27%
Robert
27%
Tigri
27%
César
26%
Flèche
26%
Loupiot
26%
Amande
25%
Bourrico
25%
Fabien
25%
Manfred
25%
Mounia
25%
Roy
25%
Caro
24%
Déborah
24%
Hélaine
24%
Joachim
24%
Laflèche
24%
Pachy
24%
Stella
24%
Viviane
24%
Zabou
24%
Bill
23%
Boris
23%
Chulin
23%
Grisette
23%
Lucie
23%
Mathilda
23%
Maud
23%
Rosine
23%
Steven
23%
Tutu
23%
Alice
22%
Gruyère
22%
Léonard
22%
Marilou
22%
Marlou
22%
Opaline
22%
Aaron
21%
Gaston
21%
George
21%
Gloria
21%
Jacky
21%
Link l.
21%
Maï
21%
Mina
21%
Moktar
21%
Monique
21%
Oursula
21%
Rhino
21%
Samson
21%
Selma
21%
Biff
20%
Bigoudi
20%
Bob
20%
Crabot
20%
Dorian
20%
Garance
20%
Grisa
20%
Gustave
20%
Magogo
20%
Mallory
20%
Marty
20%
Perle
20%
Phébus
20%
Pompon
20%
Régis
20%
Rénata
20%
Rosalie
20%
Simon
20%
Théo
20%
Wolfram
20%
Célia
19%
Dimitri
19%
Élise
19%
George
19%
Koko
19%
Missy
19%
Azalée
18%
Bebel
18%
Candy
18%
Enzo
18%
Jamy
18%
Paolo
18%
Pec
18%
Prune
18%
Rennée
18%
Scooter
18%
Terrine
18%
Astair
17%
Bébert
17%
Leandro
17%
Louis
17%
Noémie
17%
Raina
17%
Rhona
17%
Sucrette
17%
Vanina
17%
Isabelle
16%
Justin
16%
Punk
16%
Aimé
15%
Anne
15%
Bertha
15%
Ella
15%
Ganon
15%
Gradub
15%
Hercule
15%
Joseph
15%
Miglou
15%
Mike
15%
Neige
15%
Victoria
15%
Angus
14%
Boubou
14%
Clarabêl
14%
Herbert
14%
Maurice
14%
Miguel
14%
Phil
14%
Aurore
13%
Bernado
13%
Croko
13%
Foufou
13%
Gaëlle
13%
Greggae
13%
Greta
13%
Kalyptus
13%
Karen
13%
Kolette
13%
Léon
13%
Lydie
13%
Mathilde
13%
Moumoute
13%
Nadia
13%
Poulette
13%
Ralf
13%
Sabrina
13%
Shimi
13%
Sylvette
13%
Babouin
12%
Barry
12%
Cléa
12%
Darius
12%
Hippy
12%
Kolala
12%
Milos
12%
Reine
12%
Arnold
11%
Carlos
11%
Cashmir
11%
Cornio
11%
Gogo
11%
Hippo
11%
Léopold
11%
Poquette
11%
Potama
11%
Sourizzi
11%
Vanessa
11%
Boumboum
10%
Civet
10%
Elvis
10%
Felyne
10%
Gambette
10%
Gordon
10%
Gwen
10%
Hector
10%
Jeannot
10%
Marcel
10%
Michèle
10%
Pécan
10%
Prince
10%
Rocky
10%
Toto
10%
Annie
9%
Claude
9%
Eddie
9%
Ethan
9%
Ismaël
9%
Jacob
9%
Madsi
9%
Primo
9%
Victor
9%
Axel
8%
Bengale
8%
Bonno
8%
Cabri
8%
Chiquita
8%
Dolph
8%
Jeff
8%
Jérémie
8%
Julie
8%
Kala
8%
Kitty
8%
Marito
8%
Pochette
8%
Ronchon
8%
Véra
8%
Vladimir
8%
Bajoue
7%
Bêêtty
7%
Belle
7%
Chuck
7%
Crakos
7%
Estrella
7%
Friga
7%
Gilbert
7%
Koaline
7%
Loran
7%
Médolie
7%
Placide
7%
Quenotte
7%
Rilla
7%
Rose
7%
Tiphaine
7%
Âne-lise
6%
Belle
6%
Beubeu
6%
Chico
6%
Épona
6%
Figaro
6%
Grizzly
6%
Nadeige
6%
Neuneu
6%
Rapido
6%
Robie
6%
Roswell
6%
Steakos
6%
Zinzin
6%
Cyrano
5%
Damia
5%
Faust
5%
Hector
5%
Maréchal
5%
Pigmento
5%
Urbain
5%
Porken
4%
Arlette
0%
Aziz
0%
Barbara
0%
Bella
0%
Bérénice
0%
Betty
0%
Bruce
0%
Carmen
0%
Cléo
0%
Curt
0%
Daniel
0%
Dora
0%
Doudou
0%
Émeraude
0%
Fanfan
0%
Florette
0%
Glutin
0%
Gonzo
0%
Graham
0%
Grignote
0%
Grognon
0%
Huguette
0%
Isaac
0%
Jambo
0%
Jane
0%
Jon
0%
Kali
0%
Lili
0%
Lisette
0%
Lulu
0%
Mara
0%
Marcia
0%
Miles
0%
Ottie
0%
Ottis
0%
Palomina
0%
Paulito
0%
Peguy
0%
Pétunia
0%
Quetzal
0%
Rénato
0%
Rina
0%
Roberta
0%
Sélène
0%
Sonya
0%
Sorbonne
0%
Sven
0%
Tamara
0%
Tarina
0%
Thibaut
0%
Thomas
0%
Tiansheng
0%
Tiara
0%
Tina
0%
Tirbou
0%
Toby
0%
Trufa
0%
Verbert
0%
Walt
0%
Xavier
0%
Aucun quiz correspondant
Distribution des résultats
% des personnes avec chaque résultat
Percentile par nombre de réponses
Votre historique - résultats
Vous n’avez pas pris ce quiz